| 000 | 00486nam a22001577a 4500 | ||
|---|---|---|---|
| 008 | 230515b |||||||| |||| 00| 0 eng d | ||
| 040 |
_aNational Science Library _cNational Science Library |
||
| 080 |
_a551.444:502.65(540) _bN2 |
||
| 100 |
_aBasu, A K _98917 |
||
| 245 | _aEcological and resources study of the Ganga delta (in India) | ||
| 260 |
_aNew Delhi: _bK P Bagchi & Company, _c1992 |
||
| 300 | _a138p. | ||
| 650 | _aEcological | ||
| 653 | _aResources | ||
| 942 |
_2udc _cBK |
||
| 999 |
_c29893 _d29893 |
||